[Event "Ventimiglia Weekend 8th"]
[Site "Ventimiglia"]
[Date "2012.12.02"]
[Round "4"]
[White "Ballestra, Giovanni"]
[Black "Gorbounova, Natalia"]
[Result "1/2-1/2"]
[WhiteElo "1852"]
[BlackElo "1419"]
[PlyCount "47"]
[EventDate "2012.11.30"]
[EventType "swiss"]
[EventRounds "5"]
[EventCountry "ITA"]
[SourceTitle "EXT 2024"]
[Source "ChessBase"]
[SourceDate "2023.10.10"]
[SourceVersion "1"]
[SourceVersionDate "2023.10.10"]
[SourceQuality "1"]

1. Nf3 Nf6 2. g3 g6 3. Bg2 d5 4. 0-0 Bg7 5. c4 c6 6. cxd5 cxd5 7. Nc3 0-0 8. Nxd5 Nxd5 9. d3 Nc6 10. a3 a5 11. Rb1 b5 12. b4 a4 13. Be3 Rb8 14. Bc5 Re8 15. Qc2 Bb7 16. d4 e5 17. dxe5 Nxe5 18. Nxe5 Bxe5 19. Rbd1 Qf6 20. e3 Red8 21. Bd4 Rbc8 22. Bxe5 Qxe5 23. Qd3 Bc6 24. Rc1 1/2-1/2